| 000 | 00000nam 2200000za 4500 |
| 001 | 9.699357 |
| 003 | CaOODSP |
| 005 | 20210625000338 |
| 007 | cr ||||||||||| |
| 008 | 150407|1995||||xxc|||||o f|0| 0 eng d |
| 040 | |aCaOODSP|beng |
| 043 | |an-cn--- |
| 086 | 1 |aA53-1906/1995E-PDF |
| 110 | 1 |aCanada. |bAgriculture and Agri-Food Canada. |bResearch Branch. |
| 245 | 14|aThe health of our soils |h[electronic resource] : |btoward sustainable agriculture in Canada / |c[edited by] D.F. Acton and L.J. Gregorich. Issued by the Centre for Land and Biological Resources Research. |
| 260 | |aOttawa - Ontario : |bAgriculture and Agri-Food Canada. |c1995. |
| 300 | |a156 p.|bfigs., glossary, graphs, maps, references, tables, ill. |
| 500 | |aContents: Introduction.--Understanding soil health.--Developments and effects of farming in Canada.--A geographical framework for assessing soil quality.--Benchmark sites for monitoring soil quality.--Changes in soil organic matter.--Changes in soil structure.--Erosion.--Salinization of soil.--Contamination of agricultural soils.--Agrochemical entry into groundwater.--Summary.--Glossary.--Additional reading. |
| 500 | |aHistorical publication digitized by Agriculture and Agri-Food Canada. |
| 590 | |a14-11-Supp|b2014-05-21 |
| 690 | 07|aAgriculture|2gcpds |
| 690 | 07|aSoil|2gcpds |
| 775 | 08|tLa santé de nos sols : |w(CaOODSP)9.643348 |
| 776 | 0#|tThe health of our soils : |w(CaOODSP)9.645821 |
| 856 | 40|ahttp://publications.gc.ca|qPDF|s11.4 MB|uhttps://publications.gc.ca/collections/collection_2014/aac-aafc/agrhist/A53-1906-1995-eng.pdf |
| 986 | |a1906/E |